Vzdelávanie zamestnancov vo vybranom podniku diplomová práca

Salvato in:
Dettagli Bibliografici
Autore principale: Majerová, Andrea
Ente Autore: Podnikovohospodárska fakulta EU so sídlom v Košiciach. Katedra manažmentu
Altri autori: Mihalčová, Bohuslava, 1963-
Natura: Libro
Lingua:slovacco
Pubblicazione: Košice 2017
Tags: Aggiungi Tag
Nessun Tag, puoi essere il primo ad aggiungerne!!

MARC

LEADER 00000nbm a2200000 4500
001 0231568
005 20171121122934.1
041 0 |a slo 
044 |a SK 
245 1 0 |a Vzdelávanie zamestnancov vo vybranom podniku  |b diplomová práca  |c Andrea Majerová ; školiteľ: Bohuslava Mihalčová 
264 1 |a Košice  |c 2017 
300 |a 101 s. 
100 1 |a Majerová, Andrea 
700 1 |a Mihalčová, Bohuslava, 1963- 
710 2 |a Podnikovohospodárska fakulta EU so sídlom v Košiciach. Katedra manažmentu